Great books of the Western World. Vol.53
Guardat en:
| Autor principal: | |
|---|---|
| Format: | Llibre |
| Idioma: | Undetermined |
| Publicat: |
Chicago
Encyclopedia Britannica
1952
|
| Matèries: | |
| Etiquetes: |
Afegir etiqueta
Sense etiquetes, Sigues el primer a etiquetar aquest registre!
|
| Thư viện lưu trữ: | Trung tâm Học liệu Trường Đại học Cần Thơ |
|---|
| LEADER | 00492nam a2200181Ia 4500 | ||
|---|---|---|---|
| 001 | CTU_25785 | ||
| 008 | 210402s9999 xx 000 0 und d | ||
| 082 | |a 082 | ||
| 082 | |b H974/Vol.53 | ||
| 100 | |a R M Hutchins | ||
| 245 | 0 | |a Great books of the Western World. Vol.53 | |
| 245 | 0 | |c R M Hutchins | |
| 260 | |a Chicago | ||
| 260 | |b Encyclopedia Britannica | ||
| 260 | |c 1952 | ||
| 650 | |a book selection | ||
| 904 | |i Minh, 980929 | ||
| 980 | |a Trung tâm Học liệu Trường Đại học Cần Thơ | ||